पर्यावरणीय समस्याएँ / (Record no. 119674)

MARC details
000 -LEADER
fixed length control field 01208nam a22002537a 4500
005 - DATE AND TIME OF LATEST TRANSACTION
control field 20170124103146.0
010 ## - LIBRARY OF CONGRESS CONTROL NUMBER
LC control number B-040745
020 ## - INTERNATIONAL STANDARD BOOK NUMBER
Terms of availability 375.00
International Standard Book Number 8171322573
035 ## - SYSTEM CONTROL NUMBER
System control number B-040745
037 ## - SOURCE OF ACQUISITION
Source of stock number/acquisition Cen Lib/Ret
040 ## - CATALOGING SOURCE
Original cataloging agency DPL
Language of cataloging HN
082 ## - DEWEY DECIMAL CLASSIFICATION NUMBER
Classification number 363.7
Item number गुर्जर
100 ## - MAIN ENTRY--PERSONAL NAME
Personal name गुर्जर, राम कुमार
9 (RLIN) 46872
245 ## - TITLE STATEMENT
Title पर्यावरणीय समस्याएँ /
Statement of responsibility, etc राम कुमार गुर्जर
246 ## - VARYING FORM OF TITLE
Title proper/short title Paryavarneey samasyaen /
Remainder of title by Ram Kumar Gurjar
260 ## - PUBLICATION, DISTRIBUTION, ETC. (IMPRINT)
Place of publication, distribution, etc जयपुर
Name of publisher, distributor, etc आविष्कार पब्लिशर्स
Date of publication, distribution, etc 2000
270 ## - ADDRESS
Address 807, व्यास बिल्डिंग, चौड़ा रास्ता
City जयपुर
Postal code 302 003
300 ## - PHYSICAL DESCRIPTION
Extent x,182पृ.
Dimensions 21सेमी(सजिल्द)
650 ## - SUBJECT ADDED ENTRY--TOPICAL TERM
Topical term or geographic name as entry element जनसंख्या -- पर्यावरण पर बढ़ता दबाव
9 (RLIN) 86166
650 ## - SUBJECT ADDED ENTRY--TOPICAL TERM
Topical term or geographic name as entry element पर्यावरणीय प्रदूषण -- वन
9 (RLIN) 86167
650 ## - SUBJECT ADDED ENTRY--TOPICAL TERM
Topical term or geographic name as entry element Population - increased pressure on the environment
9 (RLIN) 86168
650 ## - SUBJECT ADDED ENTRY--TOPICAL TERM
Topical term or geographic name as entry element Environmental pollution - Forest
9 (RLIN) 86169
942 ## - ADDED ENTRY ELEMENTS (KOHA)
Source of classification or shelving scheme Dewey Decimal Classification
Koha item type Hindi Books
Classification part 363.7
Call number suffix गुर्जर
Holdings
Withdrawn status Lost status Damaged status Not for loan Home library Current library Date acquired Source of acquisition Cost, normal purchase price Total Checkouts Full call number Barcode Date last seen Date checked out Copy number Cost, replacement price Price effective from Koha item type
        Central Library Central Library 18/09/2015 Cen Lib/Ret 375.00 3 363.7 गुर्जर B-040745 21/11/2019 19/11/2019 1 375.00 18/09/2015 Hindi Books

© Delhi Public Library
Hit Counter
free hit counter